00961pam a2200289 a 45000010008000000030004000080050017000120080041000290100017000700200019000870200020001060200025001260350012001510400018001630500023001810820014002042450098002182500012003162600082003283000042004103360026004523370028004783380027005065000095005336300025006287000018006533485422OSt20260316123942.0940202s1994 enkab 000 0 eng  a 94004076  a085110648XqUK a0830814426qUSA a9780830814428q(USA) a3485422 aDLCcDLCdDLC00aBS491.2b.N45 199400a220.722000aNew Bible commentary :b21st century edition /cconsulting editors, D.A. Carson ... [et al.]. a4th ed. aLeicester, England ;aDowners Grove, Ill., USA :bInter-Varsity Press,c1994. axiii, 1455 p. :bill., maps ;c25 cm. atextbtxt2rdacontent aunmediatedbn2rdamedia avolumebnc2rdacarrier aRev. ed. of: The new Bible commentary. 3rd ed. / edited by D. Guthrie, J.A. Motyer. 1970.00aBiblexCommentaries.1 aCarson, D. A.